Matematické modely v životnom prostredí dizertačná práca

Guardado en:
Detalles Bibliográficos
Autor principal: Sekerová, Viera
Autor Corporativo: Fakulta hospodárskej informatiky EU. Katedra matematiky
Otros Autores: Eliáš, Jozef
Formato: Libro
Lenguaje:eslovaco
Publicado: Bratislava 2001
Materias:
Etiquetas: Agregar Etiqueta
Sin Etiquetas, Sea el primero en etiquetar este registro!

MARC

LEADER 00000nam$a2200000$$$4500
001 0036512
005 20240104092314.6
041 0 |a slo 
044 |a SK 
245 1 0 |a Matematické modely v životnom prostredí  |b dizertačná práca  |c Viera Sekerová ; školiteľ: Jozef Eliáš 
264 1 |a Bratislava  |c 2001 
300 |a 84 s. 
610 2 0 |a modely matematické 
610 2 0 |a prostredie životné 
610 2 0 |a poistenie zdravotné 
610 2 0 |a poistenie dôchodkové 
610 2 0 |a procesy Markovove 
100 1 |a Sekerová, Viera 
700 1 |a Eliáš, Jozef 
710 2 |a Fakulta hospodárskej informatiky EU. Katedra matematiky